000 00484nam a22001697a 4500
003 NUST
038 _aNusrat Nadeem
082 _a200
100 _aKhattak, Nabiha
_9125306
245 _aNUTECH Marketing Plan/
_cNabiha Khattak
264 _aIslamabad;
_bNBS NUST;
_c2024.
300 _a54,p;
_bill;
_c30,cm.
650 _aExecutive MBA 
_9125080
700 _aSupervisor: Dr Adeel Ahmed
_9123083
856 _uhttp://10.250.8.41:8080/xmlui/handle/123456789/45685
942 _2ddc
_cSC
999 _c611064
_d611064